000
00279nam a2200109Ia 4500
008
220204s9999 xx 000 0 und d
082
_a
541.124
_b
JOR
100
_a
Jordan, Donald G
245
0
_a
Chemical process development
260
_a
New York
_b
Interscience
_c
1968
942
_c
BK
999
_c
26892
_d
26892